| 000 | 00000nam 2200000zi 4500 |
| 001 | 9.938719 |
| 003 | CaOODSP |
| 005 | 20240719110527 |
| 006 | m o d f |
| 007 | cr |n||||||||| |
| 008 | 240528e202406 oncd ob f000 0 fre d |
| 020 | |a9780660721309 |
| 040 | |aCaOODSP|bfre|erda|cCaOODSP |
| 043 | |an-cn--- |
| 086 | 1 |aFs70-7/2024-028F-PDF |
| 245 | 00|aMise à jour de l'état du stock de crevette ésope (Pandalus montagui) dans le zone de pêche de la crevette 4 en 2023. |
| 246 | 17|aRéponse des sciences : |bmise à jour de l’état du stock de crevette ésope dans la ZPC 4 |
| 264 | 1|aOttawa : |bSecrétariat canadien de consultation scientifique, |cjuin 2024. |
| 264 | 4|c©2024 |
| 300 | |a1 ressource en ligne (11 pages) : |bgraphiques. |
| 336 | |atexte|btxt|2rdacontent/fre |
| 337 | |ainformatique|bc|2rdamedia/fre |
| 338 | |aressource en ligne|bcr|2rdacarrier/fre |
| 490 | 1 |aRéponse des sciences, |x1919-3815 ; |v2024/028 |
| 500 | |aPublié aussi en anglais sous le titre : Stock status update of shrimp fishing area 4 striped shrimp (Pandalus montagui) in 2023. |
| 500 | |aTitre de départ. |
| 504 | |aComprend des références bibliographiques (page 4). |
| 650 | 6|aCrevette ésope|zTerre-Neuve-et-Labrador. |
| 650 | 6|aCrevette ésope|xPêche commerciale|zTerre-Neuve-et-Labrador. |
| 650 | 6|aCrevettes|xPopulations|zTerre-Neuve-et-Labrador. |
| 710 | 1 |aCanada. |bMinistère des pêches et des océans. |bRégion de Terre-Neuve et du Labrador, |eorganisme de publication. |
| 710 | 2 |aSecrétariat canadien de consultation scientifique, |eorganisme de publication. |
| 775 | 08|tStock status update of shrimp fishing area 4 striped shrimp (Pandalus montagui) in 2023.|w(CaOODSP)9.938718 |
| 830 | #0|aRéponse des sciences (Secrétariat canadien de consultation scientifique)|v2024/028.|w(CaOODSP)9.502630 |
| 856 | 40|qPDF|s819 Ko|uhttps://publications.gc.ca/collections/collection_2024/mpo-dfo/fs70-7/Fs70-7-2024-028-fra.pdf |